000 00837nam a2200217Ia 4500
999 _c39857
_d39857
001 6462
003 GE_BSU
005 20191004120424.0
008 181216s1973||||g |||||||||||||| ||geo||
040 _cGE_BSU
041 _ageo
080 _a821.353.1-31-92 ბ-45
100 _aბელიაშვილი, აკაკი
_94491
245 _aთხზულებანი ტომი 6 შვიდკაცა :
_bრომანი /
_cრევაზ მიშველაძე ; რედ. ქ. თავაძე.
264 _aთბილისი :
_bსაბჭ.საქართველო ;
_c1973.
300 _a433 გვ.;
_c22 სმ.
653 _aშვიდკაცა
653 _aრომანი
700 _aთავაძე, ქ.
_eრედაქტორი
_94508
942 _cBK
_2udc